[Jujutsu Kaisen] Personnages aléatoires en images - Statistiques

Statistiques générales
  • Ce quiz a été pris 576 fois
    50 depuis la dernière actualisation
  • Le résultat moyen est 6 sur 12
Statistiques - réponses
Par images Réponse % Correct
Aoi Todo
100%
Choso
100%
Dagon
100%
Dhruv Lakdawalla
100%
Hanami
100%
Hari Chizuru
100%
Hiroshi Higuruma
100%
Jogo
100%
Kaori Itadori
100%
Kento Nanami
100%
Mai Zenin
100%
Maki Zenin
100%
Mei Mei
100%
Momo Nishimiya
100%
Naobito Zenin
100%
Nobara Kugisaki
100%
Noritoshi Kamo
100%
Panda
100%
Rika Orimoto
100%
Shoko Ieiri
100%
Suguru Geto
100%
Toge Inumaki
100%
Utahime Iori
100%
Yuji Itadori
100%
Yuki Tsukumo
100%
Yuta Okkotsu
100%
Naoya Zenin
80%
Remi
80%
Ryomen Sukuna
80%
Toji Fushiguro
80%
Hajime Kashimo
75%
Jin Itadori
75%
Masamichi Yaga
75%
Satoru Gojo
75%
Kokichi Muta (Mechamaru)
67%
Mahito
67%
Noritoshi Kamo
67%
Ranta Zenin
67%
Hoshi Kirara
60%
Junpei Yoshino
60%
Ogi Zenin
60%
Bayer
50%
Kinji Hakari
50%
Kiyotaka Ijichi
50%
Mimiko Hasaba
50%
Tsumiki Fushiguro
50%
Ui Ui
50%
Uraume
50%
Haruta Shigemo
33%
Miguel
33%
Misato Kuroi
33%
Ryu Ishigori
33%
Takuma Ino
33%
Fumihiko Takaba
25%
Vieille Dame de la Variole
25%
Arata Nitta
20%
Larue
20%
Lazy Star
20%
Femme à la Bouche Fendue
17%
Juzo Kumiya
14%
Akari Nitta
0%
Atsuya Kusakabe
0%
Chojuro Zenin
0%
Dragon Irisé
0%
Eso
0%
Gong Shi Woo
0%
Haba
0%
Hanyu
0%
Incarnation de Tamamo-no-Mae
0%
Iori Hazenoki
0%
Jinichi Zenin
0%
Jiro Awasaka
0%
Kasumi Miwa
0%
Kechizu
0%
Kokun
0%
Kuro-Urushi
0%
Le Criquet
0%
Manami Suda
0%
Megumi Fushiguro
0%
Nanako Hasaba
0%
Niji Ebina
0%
Nobuaki
0%
Ogami
0%
Riko Amanai
0%
Rin Amai
0%
Takako Uro
0%
Tengen
0%
Tête de Mouche
0%
Toshihisa Negi
0%
Wasuke Itadori
0%
Yoshinobu Gakuganji
0%
Yu Haibara
0%
Aucun quiz correspondant
Distribution des résultats
% des personnes avec chaque résultat
Percentile par nombre de réponses
Votre historique - résultats
Vous n’avez pas pris ce quiz depuis la dernière actualisation